[Event "Doeberl Cup 47th"]
[Site "Canberra"]
[Date "2009.04.11"]
[Round "6"]
[White "Tsagarakis, Angelo"]
[Black "Brown, Andrew"]
[Result "1-0"]
[WhiteElo "1919"]
[BlackElo "2085"]
[PlyCount "165"]
[EventDate "2009.04.09"]
[EventType "swiss"]
[EventRounds "9"]
[EventCountry "AUS"]
[SourceTitle "CBM 129 Extra"]
[Source "ChessBase"]
[SourceDate "2009.05.05"]
[SourceVersion "2"]
[SourceVersionDate "2009.05.20"]
[SourceQuality "1"]

1. d4 Nf6 2. Bf4 g6 3. Nf3 Bg7 4. c3 0-0 5. Nbd2 d6 6. h3 Nbd7 7. e3 Re8 8. Bc4 h6 9. Qb3 e6 10. 0-0 d5 11. Be2 c5 12. Rac1 c4 13. Qc2 b5 14. b3 Bb7 15. bxc4 bxc4 16. Rb1 Bc6 17. Rfe1 Nh5 18. Bh2 f5 19. Nf1 a5 20. Rb2 a4 21. N1d2 a3 22. Rbb1 Qe7 23. Bf1 Nhf6 24. Ne5 Nxe5 25. Bxe5 Ba4 26. Qc1 Bf8 27. f3 Nd7 28. Bh2 e5 29. e4 exd4 30. cxd4 Qf6 31. e5 Qh4 32. Qc3 f4 33. Be2 Rab8 34. Bxc4 dxc4 35. Qxc4+ Kh8 36. Qxa4 Rb2 37. Qxd7 Rxd2 38. Rf1 Rd8 39. Qg4 Qxg4 40. fxg4 g5 41. g3 f3 42. Rxf3 R2xd4 43. Rbf1 Bc5 44. Kh1 Rd2 45. Bg1 Be7 46. R3f2 Rb2 47. e6 Kg8 48. Rf7 Re8 49. Bd4 Bf8 50. Bxb2 axb2 51. Rb7 Bg7 52. e7 Be5 53. Kg2 Kg7 54. Kf3 Bf6 55. a4 Bxe7 56. Rxb2 Bc5 57. Re2 Ra8 58. Rc2 Bd4 59. Rc4 Bf6 60. Rfc1 Kg6 61. Ke4 Ra5 62. Rb1 Re5+ 63. Kf3 Rd5 64. Rb6 Kf7 65. Rb5 Rd3+ 66. Kf2 Rd2+ 67. Ke3 Ra2 68. Rf5 Ra3+ 69. Ke4 Ke7 70. a5 Rxg3 71. a6 Rxh3 72. Ra4 Rg3 73. Kd5 Rd3+ 74. Kc6 Rc3+ 75. Rc5 Rd3 76. a7 Rd6+ 77. Kb5 Rd8 78. a8Q Rxa8 79. Rxa8 h5 80. Ra7+ Ke6 81. gxh5 Bd4 82. Ra6+ Kd7 83. Rd5+ 1-0

[Event "Doeberl Cup 47th"]
[Site "Canberra"]
[Date "2009.04.10"]
[Round "4"]
[White "Stevens, Tristan"]
[Black "Tsagarakis, Angelo"]
[Result "1-0"]
[WhiteElo "2006"]
[BlackElo "1919"]
[PlyCount "85"]
[EventDate "2009.04.09"]
[EventType "swiss"]
[EventRounds "9"]
[EventCountry "AUS"]
[SourceTitle "CBM 129 Extra"]
[Source "ChessBase"]
[SourceDate "2009.05.05"]
[SourceVersion "2"]
[SourceVersionDate "2009.05.20"]
[SourceQuality "1"]

1. e4 g6 2. f4 Bg7 3. Nf3 d5 4. e5 Bf5 5. d4 e6 6. Nbd2 Ne7 7. Be2 c5 8. dxc5 Qa5 9. c3 Qxc5 10. Nb3 Qb6 11. Nfd4 a6 12. Be3 Qc7 13. 0-0 0-0 14. Qe1 Nbc6 15. Qh4 Nxd4 16. Nxd4 Be4 17. g4 Nc6 18. Rae1 Qe7 19. Qh3 f5 20. Nb3 fxg4 21. Bxg4 Bf5 22. Bc5 Qf7 23. Bxf8 Rxf8 24. Bxf5 gxf5 25. Re3 Ne7 26. Nd4 Ng6 27. Qh5 Re8 28. Rh3 Nf8 29. Qxf7+ Kxf7 30. Kf2 Rc8 31. Rg1 b5 32. Nf3 Rc4 33. Nd4 b4 34. b3 Rc8 35. cxb4 Kg8 36. Rhg3 Rc7 37. h4 h6 38. b5 a5 39. b6 Rb7 40. Rxg7+ Rxg7 41. Rxg7+ Kxg7 42. Nxe6+ Nxe6 43. b7 1-0

[Event "Doeberl Cup 47th"]
[Site "Canberra"]
[Date "2009.04.10"]
[Round "3"]
[White "Tsagarakis, Angelo"]
[Black "Fernandez, Daniel Howard"]
[Result "0-1"]
[WhiteElo "1919"]
[BlackElo "2171"]
[PlyCount "172"]
[EventDate "2009.04.09"]
[EventType "swiss"]
[EventRounds "9"]
[EventCountry "AUS"]
[SourceTitle "CBM 129 Extra"]
[Source "ChessBase"]
[SourceDate "2009.05.05"]
[SourceVersion "2"]
[SourceVersionDate "2009.05.20"]
[SourceQuality "1"]

1. d4 Nf6 2. Bf4 d6 3. Nf3 g6 4. h3 Bg7 5. e3 0-0 6. Be2 Nbd7 7. 0-0 b6 8. Nbd2 Bb7 9. c3 c5 10. Qb3 Re8 11. Ng5 d5 12. Ndf3 Ne4 13. Nxe4 dxe4 14. Ng5 e6 15. f3 cxd4 16. cxd4 Nf6 17. Rac1 Bd5 18. Qa4 exf3 19. Nxf3 Ne4 20. Bb5 Re7 21. Ne5 Bxe5 22. Bxe5 a6 23. Bd3 Rea7 24. Qc2 f5 25. a3 Qg5 26. Bf4 Qh4 27. Qe2 h5 28. Qe1 Qxe1 29. Rfxe1 Kf7 30. Rc2 g5 31. Be5 b5 32. Rec1 Re8 33. Be2 g4 34. h4 Nf6 35. Kh2 Be4 36. Rc8 Rxc8 37. Rxc8 Kg6 38. Kg3 Ra8 39. Rc7 Nd5 40. Rg7+ Kh6 41. Rd7 Rc8 42. Rd6 Kh7 43. Rxa6 Rc2 44. Bf1 Rxb2 45. Rxe6 Kg8 46. Rh6 Nxe3 47. Kf4 Nxf1 48. Kg5 Rc2 49. Rxh5 Kf7 50. Rh7+ Ke6 51. h5 Rxg2 52. Rh6+ Kd5 53. Rd6+ Kc4 54. h6 g3 55. h7 Rh2 56. Rh6 g2 57. h8Q g1Q+ 58. Kf6 Rxh6+ 59. Qxh6 Ne3 60. Qf8 Ng4+ 61. Ke6 Bd5+ 62. Kxf5 Ne3+ 63. Kf6 Qf1+ 64. Ke7 Qxf8+ 65. Kxf8 Nc2 66. Ke7 Nxa3 67. Bd6 Nc2 68. Kd7 Nxd4 69. Kc7 Ne6+ 70. Kb6 b4 71. Ka5 Nc5 72. Be5 Nb3+ 73. Kb6 Nd4 74. Bf4 b3 75. Bc1 Bc6 76. Bb2 Be8 77. Ka5 Ne6 78. Kb6 Nf4 79. Ka5 Nd5 80. Ka6 Kd3 81. Kb7 Kc2 82. Ba1 Nc3 83. Kc7 Nd1 84. Kd6 Nb2 85. Kc5 Bf7 86. Kb4 Kb1 0-1

[Event "Queenstown op"]
[Site "Queenstown"]
[Date "2009.01.18"]
[Round "4"]
[White "Grigoryan, Meri"]
[Black "Tsagarakis, Angelo"]
[Result "1-0"]
[WhiteElo "2092"]
[BlackElo "1927"]
[PlyCount "37"]
[EventDate "2009.01.15"]
[EventType "swiss"]
[EventRounds "10"]
[EventCountry "NZL"]
[SourceTitle "CBM 128 Extra"]
[Source "ChessBase"]
[SourceDate "2009.03.05"]
[SourceVersion "2"]
[SourceVersionDate "2009.03.25"]
[SourceQuality "1"]

1. d4 Nf6 2. c4 e6 3. Nc3 Bb4 4. Qc2 0-0 5. Bg5 d5 6. e3 Nbd7 7. a3 Be7 8. Nf3 b6 9. cxd5 exd5 10. Bd3 Bb7 11. 0-0 c5 12. Rad1 c4 13. Bf5 h6 14. Bf4 Nh5 15. Ne5 Ndf6 16. Rfe1 Nxf4 17. exf4 Re8 18. Nxf7 Kxf7 19. Be6+ 1-0

[Event "Doeberl Cup 46th"]
[Site "Canberra"]
[Date "2008.03.21"]
[Round "3"]
[White "Tsagarakis, Angelo"]
[Black "Haessler, Carl A"]
[Result "0-1"]
[WhiteElo "1941"]
[BlackElo "2147"]
[PlyCount "110"]
[EventDate "2008.03.20"]
[EventType "swiss"]
[EventRounds "9"]
[EventCountry "AUS"]
[SourceTitle "CBM 123 Extra"]
[Source "ChessBase"]
[SourceDate "2008.05.06"]
[SourceVersion "1"]
[SourceVersionDate "2008.05.06"]
[SourceQuality "1"]

1. d4 Nf6 2. c4 c5 3. Nf3 cxd4 4. Nxd4 Nc6 5. Nc3 g6 6. e3 Bg7 7. Be2 0-0 8. 0-0 Nxd4 9. exd4 d5 10. c5 b6 11. Bf4 bxc5 12. dxc5 d4 13. Nb5 Nd5 14. Bg5 h6 15. Bh4 g5 16. Bg3 e5 17. Nd6 Be6 18. Re1 f5 19. Bxe5 Bxe5 20. Bc4 Qf6 21. Qe2 Ne3 22. fxe3 Kg7 23. exd4 Bxd4+ 24. Kh1 Bxc4 25. Qxc4 Bxb2 26. Rad1 Rad8 27. Re6 Qc3 28. Re7+ Kg6 29. Qe6+ Rf6 30. Qd5 Ba3 31. Re8 Rd7 32. Qg8+ Rg7 33. Qd5 Qxc5 34. Nc4 Qxd5 35. Rxd5 Bb4 36. Ne5+ Kh5 37. h3 Rd6 38. g4+ fxg4 39. hxg4+ Kh4 40. Rb5 Rd1+ 41. Kg2 Bc3 42. Nf3+ Kxg4 43. Re4+ Kh5 44. Rb3 Ba1 45. Re6 Rf7 46. Ra3 Rc1 47. Raa6 Bg7 48. Re2 Rc3 49. Kg3 Rfxf3+ 50. Kg2 Rg3+ 51. Kh2 Rh3+ 52. Kg2 Rcg3+ 53. Kf1 Bd4 54. Re4 Bb6 55. a4 Rh2 0-1